Music Quiz

Random Music or Bands Quiz
Score 0/22 Timer 06:00
0 Plays Today
Letter Song % Correct
AAlone Together
87%
SSave Rock and Roll
86.6%
CChicago Is So Two Years Ago
86.1%
DDeath Valley
86%
II Don’t Care
83.7%
TThnks fr th Mmrs
77.2%
MMiss Missing You
76.2%
YYoung Volcanoes
74.6%
WWest Coast Smoker
74.5%
GGrenade Jumper
71.9%
JJust One Yesterday
71.6%
Letter Song % Correct
HHum Hallelujah
68.1%
PPretty In Punk
61.9%
XXO
61.2%
NNobody Puts Baby In the Corner
60.1%
UUma Thurman
59.7%
FFame < Infamy
58.7%
RRat a Tat
55.8%
BBang the Doldrums
54.7%
OOf All the Gin Joints in All the World
41.5%
LLullabye
37.4%
KThe Kids Aren’t Alright
29.6%
Remove Ads.
Support Sporcle.
Get the best of Sporcle when you Go Orange. This ad-free experience offers more features, more stats, and more fun while also helping to support Sporcle. Thank you for becoming a member.

You're not logged in!

Compare scores with friends on all Sporcle quizzes.
OR
Log In

Show Comments

Extras

Top Quizzes Today


Score Distribution

Your Account Isn't Verified!

In order to create a playlist on Sporcle, you need to verify the email address you used during registration. Go to your Sporcle Settings to finish the process.

Report this User

Report this user for behavior that violates our Community Guidelines.

Details: